L'intelligence de l'explication de texte (Registro nro. 180184)

Detalles MARC
000 -ENCABEZADO
Número de control [NR] 00814 a2200241 4500
005 - FECHA Y HORA DE LA ÚLTIMA TRANSACCIÓN
control field 20140903174918.0
008 - DE LONGITUD FIJA DE DATOS DE ELEMENTOS - INFORMACIÓN GENERAL
Elementos de longitud fija [NR] 130923s2005 fr ||||fr|||| 001 0 fre d
020 ## - NUMERO INTERNACIONAL NORMALIZADO PARA LIBROS [R]
Número Internacional Normalizado del libro [NR] 2729824049
020 ## - NUMERO INTERNACIONAL NORMALIZADO PARA LIBROS [R]
Número Internacional Normalizado del libro [NR] 9782729824044
040 ## - FUENTE DE CATALOGACION [NR]
Agencia de catalogación original [NR] Co-BoUCM
Idioma de catalogación [NR] spa
Quien Cataloga Jose A. Gerena
Quien Clasifica Aldemar Mondragón
041 00 - CODIGO DE IDIOMA [R]
Código de idioma para texto/pista de sonido o título separado [R] Francés
100 1# - ASIENTO PRINCIPAL--NOMBRE PERSONAL [NR]
Nombre personal [NR] Hongre, Bruno
ID Autoridad 45916
245 12 - MENCION DE TITULO [NR]
Título [NR] L'intelligence de l'explication de texte
Parte restante del título [NR] 30 models de commentaires. 40 clefs pour aller au coe du texte
Mención de responsabilidad, etc. [NR] Bruno Hongre
260 ## - PUBLICACION, DISTRIBUCION, ETC. (PIE DE IMPRENTA) [R]
Fecha de publicación, distribución, etc. [R] 2005
Nombre del editor, distribuidor, etc. [R] Ellipses Marketing
Lugar de publicación, distribución, etc. [R] Paris (Francia)
300 ## - DESCRIPCION FISICA [R]
Extensión [R] 348 páginas
500 ## - NOTA GENERAL [R]
Nota general [NR] Incluye índice
650 #7 - ASIENTO SECUNDARIO DE MATERIA - TERMINO TEMATICO [R]
Término temático o nombre geográfico como elemento de entrada [NR] Crítica literaria
9 (RLIN) 46485
650 #7 - ASIENTO SECUNDARIO DE MATERIA - TERMINO TEMATICO [R]
Término temático o nombre geográfico como elemento de entrada [NR] Poética
9 (RLIN) 21879
650 #7 - ASIENTO SECUNDARIO DE MATERIA - TERMINO TEMATICO [R]
Término temático o nombre geográfico como elemento de entrada [NR] Retórica
9 (RLIN) 46486
690 ## - ASUNTO AGREGADO LOCAL DE ENTRADA - TÉRMINO TEMÁTICO (OCLC, RLIN)
9 (RLIN) 42859
Acceso temático local Literatura
942 ## - ELEMENTOS DE ENTRADA AGREGADOS (KOHA)
Tema principal Literatura
Tipo de ítem principal el descrito en 300a Libro
Edición 1
Parte restante de la signatura top. H772i
Sistema de clasificación DEWEY
Clasificación 801.95
Existencias
Signatura topográfica Código de barras Última vez visto Ejemplar Costo de reposición Price effective from Tipo de ítem Perdido Sistema de clasificación Dañado No prestable Tipo de ítem específico Suprimido Ubicación habitual Ubicación actual Localización Fecha de creación Proveedor Forma de adquisición Costo
801.95 H772i 100136856 06/12/2025 Ej.1 71730.00 18/09/2013 Libro   DEWEY     Libro   Claustro Claustro 2do piso 18/09/2013 2 Compra 71730.00